Memoria 1990 / Instituto Nacional de Seguridad Social. Dirección Provincial de Barcelona
Descripción Física:
129 p., [4] f. de làm., col. ; 29 cm
MARC
| LEADER | 00000nam a2200000Ia 4500 | ||
|---|---|---|---|
| 001 | 9528 | ||
| 003 | BGR | ||
| 005 | 20260324175259.0 | ||
| 008 | 160829s9999 xx 000 0 cat d | ||
| 080 | |a S-1-104 | ||
| 110 | 2 | |a Instituto Nacional de Seguridad Social |9 71103 |b Dirección Provincial de Barcelona | |
| 245 | |a Memoria 1990 / Instituto Nacional de Seguridad Social. Dirección Provincial de Barcelona | ||
| 260 | |a [Barcelona] : |b Instituto Nacional de la Seguridad Social. [1991] | ||
| 300 | |a 129 p., [4] f. de làm., col. ; |c 29 cm | ||
| 650 | |a Instituto Nacional de la Seguridad Social. Dirección Províncial de Barcelona |x Memòries |9 24710 | ||
| 901 | |a Arxiu | ||
| 942 | |n 1 |2 udc |c MON | ||
| 952 | |0 0 |1 0 |4 0 |6 S1104 |7 1 |9 43281 |a Arxiu |b Arxiu |d 2016-12-01 |l 0 |o S-1-104 |p 9528 |r 2016-12-01 00:00:00 |w 2016-12-01 |y ARXIU | ||
| 999 | |c 45826 |d 45826 | ||